[Event "GBR-ch Major op 109th"]
[Site "Leicester"]
[Date "2023.07.24"]
[Round "3"]
[White "Bennett, Max"]
[Black "Lewis, Andrew P"]
[Result "0-1"]
[WhiteElo "1583"]
[BlackElo "2235"]
[PlyCount "46"]
[EventDate "2023.07.22"]
[EventType "swiss"]
[EventRounds "9"]
[EventCountry "ENG"]
[SourceTitle "EXT 2024"]
[Source "ChessBase"]
[SourceDate "2023.10.10"]
[SourceVersion "1"]
[SourceVersionDate "2023.10.10"]
[SourceQuality "1"]

1. e4 c5 2. Nf3 e6 3. d4 cxd4 4. Nxd4 Nc6 5. c4 Nf6 6. Nc3 Bb4 7. Ndb5 a6 8. Nd6+ Ke7 9. Bf4 Qa5 10. Rc1 Ne5 11. Bd2 Qb6 12. Qb3 Qxd6 13. f4 Bc5 14. fxe5 Qxe5 15. Bd3 Ng4 16. Na4 d6 17. Rf1 Be3 18. Qd1 Bd7 19. Bc3 Qg5 20. Qf3 f6 21. c5 Bxc1 22. cxd6+ Ke8 23. Nb6 Rd8 0-1

[Event "British Universities-ch"]
[Site "Chess.com INT"]
[Date "2022.03.05"]
[Round "3.2"]
[White "Bennett, Max"]
[Black "Mahoney, Thomas"]
[Result "1-0"]
[WhiteElo "1583"]
[BlackElo "1533"]
[PlyCount "65"]
[EventDate "2022.03.05"]
[EventType "swiss"]
[EventRounds "9"]
[EventCountry "ENG"]
[SourceTitle "EXT 2023"]
[Source "ChessBase"]
[SourceDate "2022.10.05"]
[SourceVersion "1"]
[SourceVersionDate "2022.10.05"]
[SourceQuality "1"]
[WhiteTeam "Exeter"]
[BlackTeam "Cardiff II"]
[WhiteTeamCountry "ENG"]
[BlackTeamCountry "WLS"]

1. e4 e5 2. Nf3 Nc6 3. Bb5 a6 4. Bxc6 dxc6 5. 0-0 Bg4 6. h3 Bh5 7. d3 Be7 8. Be3 Nf6 9. Nbd2 Qd6 10. Nc4 Qe6 11. Ncxe5 Qxe5 12. Nxe5 Bxd1 13. Raxd1 0-0 14. Bg5 h6 15. Bxf6 Bxf6 16. Nd7 Rfd8 17. Nxf6+ gxf6 18. f4 Kg7 19. Rf3 c5 20. Rg3+ Kh7 21. Kf2 b5 22. Ke3 c4 23. d4 c6 24. Rg4 Rg8 25. Rxg8 Rxg8 26. Kf3 a5 27. d5 cxd5 28. Rxd5 Rb8 29. Ke3 a4 30. Kd4 Kg6 31. Kc3 Kg7 32. Kb4 Kf8 33. Rxb5 1-0

[Event "BCF-chT4S 1819 (4NCL)"]
[Site "England"]
[Date "2019.04.14"]
[Round "8.92"]
[White "Bennett, Max"]
[Black "Majer, Christopher"]
[Result "0-1"]
[WhiteElo "1885"]
[BlackElo "1850"]
[PlyCount "80"]
[EventDate "2018.11.17"]
[EventType "team-swiss"]
[EventRounds "11"]
[EventCountry "ENG"]
[SourceTitle "EXT 2021"]
[Source "ChessBase"]
[SourceDate "2020.10.23"]
[SourceVersion "1"]
[SourceVersionDate "2020.10.23"]
[SourceQuality "1"]
[WhiteTeam "Sussex Martlets III"]
[BlackTeam "MK Phoenix II"]
[WhiteTeamCountry "ENG"]
[BlackTeamCountry "ENG"]

1. e4 c6 2. d4 Na6 3. Nc3 Nc7 4. Bd3 d5 5. e5 g6 6. f4 h5 7. h3 Nh6 8. Nf3 Bf5 9. Be3 Bxd3 10. Qxd3 Nf5 11. Bf2 e6 12. 0-0-0 h4 13. Ne2 Na6 14. Nh2 Rc8 15. Ng4 Be7 16. g3 hxg3 17. Nxg3 Nxg3 18. Bxg3 c5 19. h4 Qa5 20. a3 c4 21. Qd2 c3 22. Qd3 Bxa3 23. Nf6+ Kf8 24. Rdf1 cxb2+ 25. Kb1 Bb4 26. c4 Rxc4 27. Kxb2 Bc3+ 28. Kc2 Bxd4+ 29. Kd1 Qa4+ 30. Kd2 Rc3 31. Qb1 Rb3 32. Qc1 Be3+ 33. Ke2 Qa2+ 34. Kf3 Bxc1+ 35. Kg4 Qe2+ 36. Kh3 Be3 37. Ra1 Qd3 38. Rhd1 Qf5+ 39. Kg2 Bxf4 40. Bxf4 Qxf4 0-1